000 00826nam a2200205 4500
001 131999
003 ES-MaACL
005 20260127062545.0
007 t|
008 070214s1919 sp r ||||1| spa d
100 1 _aRoig y Bergadá, José.
_999025
245 1 0 _aEstado actual de la administración de justicia en España
_b: reformas convenientes a su organización y funcionamiento /
_cconferencia del Excmo. Sr. D. José Roig y Bergadá pronunciada el día 25 de Enero de 1919.
260 _aMadrid :
_b[s.n.],
_c1919.
300 _a39 p. ;
_c22 cm.
500 _aPrecede al Tit : Real Academia de Jurisprudencia y Legislación.
700 _aReal Academia de Jurisprudencia y Legislación de España
_9217612
852 _aES-MaACL
_j1573-F-8
852 _aES-MaACL
_j1863-F-13
_bR.21491
999 _c131999
_d131999